00486nam a2200181 a 450000100060000000300090000600800410001502000150005604000280007108200090009910000270010824500260013526000520016130000090021349000270022265000230024965000320027220400CO-ViMGA141112s2004 ck r 000 u spa d a9681648684 aCO-ViMGAbspacCO-ViMGA aMCCs1 aMccaughrean, Geraldine10aUna sarta de mentiras aMexico : bFonde de cultura económica, c1995 a226p aA la orilla del viento14aCUENTOS INFANTILES14aCUENTOS INFANTILES INGLESES